| 000 | 00363cam a2200145ua 4500 | ||
|---|---|---|---|
| 041 |
_amal _h |
||
| 082 |
_a823.301 _bLYN/TU |
||
| 100 | _aLynch, Patricia . | ||
| 245 |
_aTuefcutter`s Donkey / _cPatricia Lynch. _hTextual Documents |
||
| 260 |
_aLondon : _bJ M Dent and Sons Ltd , _c1962. |
||
| 300 | _a237 ; . | ||
| 504 | _a | ||
| 942 | _cBK | ||
| 999 |
_c3960 _d3960 |
||